000 00488nam a2200169Ia 4500
008 090711s9999 xx 000 0 und d
082 _b51614
100 _aश्रोत्री निशिकांत
245 _aहकनाक
260 _c1985
300 _a177
600 _aश्रोत्री निशिकांत
630 _aहकनाक
700 _aश्रोत्री निशिकांत
730 _aहकनाक
942 _cBOOK
999 _c301689
_d301689